| 000 | 00345nam a22001337a 4500 | ||
|---|---|---|---|
| 008 | 181224b xxu||||| |||| 00| 0 eng d | ||
| 020 | _a2900226816271 | ||
| 041 | _aeng | ||
| 080 |
_26 TH _a370 |
||
| 100 | _a48 | ||
| 101 | _aEDU | ||
| 245 |
_aA manual For Writers Of Term Papers Thesse And Dissertations _cKate.L T |
||
| 942 |
_2udc _cBK |
||
| 999 |
_c53742 _d53742 |
||